Concept of ecology / (Record no. 39846)

MARC details
000 -LEADER
fixed length control field 00706nam a22002057a 4500
005 - DATE AND TIME OF LATEST TRANSACTION
control field 20100806150636.0
010 ## - LCCN (DPL NO)
LC control number ENG-98656
020 ## - INTERNATIONAL STANDARD BOOK NUMBER
International Standard Book Number 978819380421001
Terms of availability 90.00
035 ## - SYSTEM CONTROL NUMBER
System control number EN-82188
037 ## - SOURCE OF ACQUISITION
Source of stock number/acquisition DBAD/PUB
082 ## - DEWEY DECIMAL CLASSIFICATION NUMBER
Classification number 574.5
100 ## - MAIN ENTRY--PERSONAL NAME
Personal name Rajesh, M.
245 ## - TITLE STATEMENT
Title Concept of ecology /
Statement of responsibility, etc by M. Rajesh
260 ## - PUBLICATION, DISTRIBUTION, ETC. (IMPRINT)
Place of publication, distribution, etc Thanjavur
Name of publisher, distributor, etc Nalankilli Pathippagam
Date of publication, distribution, etc 2009
270 ## - ADDRESS
City Thanjavur
Address 1271,Sulthanjiappa Lane,South Rampart
Postal code 613001
300 ## - PHYSICAL DESCRIPTION
Extent 134p.:
Dimensions 23cm (pbk)
Other physical details ill.
650 ## - SUBJECT ADDED ENTRY--TOPICAL TERM
Topical term or geographic name as entry element Ecology
942 ## - ADDED ENTRY ELEMENTS (KOHA)
Source of classification or shelving scheme Dewey Decimal Classification
Item type English Books
Classification part 574.5
Call number suffix RAJ
Holdings
Withdrawn status Lost status Not for loan Collection code Home library Current library Date acquired Source of acquisition Cost, normal purchase price Full call number Barcode Copy number Cost, replacement price Koha item type
    Not For Loan Non-fiction D.B.Act.Division D.B.Act.Division 06/08/2010 DBAD/PUB 90.00 574.5 RAJ EN-82188 1 90.00 English Books

© Delhi Public Library
Hit Counter
free hit counter